Capitulaciones del almirante Cristóbal Colón y salvoconductos para el descubrimiento del nuevo mundo
Saved in:
| 格式: | 图书 |
|---|---|
| 语言: | 西班牙语 |
| 出版: |
Madrid
Ministerio de Educación y Ciencia
1970
|
| 主题: | |
| 标签: |
添加标签
没有标签, 成为第一个标记此记录!
|
MARC
| LEADER | 00000nam a2200000 a 4500 | ||
|---|---|---|---|
| 001 | UCR4297 | ||
| 003 | CL-VaPUC | ||
| 008 | 980307e19701000SP |||||||||||||||||spa|d | ||
| 082 | 0 | 4 | |a 090 |b CAP |2 21 |
| 245 | 1 | 0 | |a Capitulaciones del almirante Cristóbal Colón y salvoconductos para el descubrimiento del nuevo mundo |
| 300 | |a 26 p | ||
| 942 | |c BK | ||
| 945 | |d 19980307 00:00:00 |a crobeson | ||
| 260 | |a Madrid |b Ministerio de Educación y Ciencia |c 1970 | ||
| 600 | 0 | 7 | |a COLON, CRISTOBAL |2 CL-VaPUC |9 265189 |
| 650 | 0 | |a Manuscritos |9 313680 | |
| 650 | 7 | |a DOCUMENTOS PRIMARIOS |2 CL-VaPUC |9 350391 | |
| 651 | 0 | |a España |9 254926 | |
| 583 | |a last modification |c 19980307 00:00:00 |k Rodrigo Vera | ||
| 999 | |c 267243 |d 267241 | ||
| 952 | |0 0 |1 0 |4 0 |6 090_000000000000000_CAP_1970 |7 0 |8 DER_HDC |9 299489 |a BIBDER |b BIBDER |d 2019-11-20 |i 1949187 |l 1 |o 090 CAP 1970 |p 1949187 |r 2023-01-25 |s 2020-03-19 |w 2019-11-20 |x Ubicación 4to Piso |y BK |z Estos recursos deben solicitarse con anticipación |k DER | ||